书目信息 |
| 题名: |
圆的历史
|
|
| 作者: | 泽布罗夫斯基 著 ;李大强 译 | |
| 分册: | ||
| 出版信息: | 北京 北京理工大学出版社 2003.08 |
|
| 页数: | 219页 | |
| 开本: | 20cm | |
| 丛书名: | 盗火者译丛 | |
| 单 册: | ||
| 中图分类: | O123.3-49 | |
| 科图分类: | ||
| 主题词: | 圆--普及读物 , 自然科学--普及读物 | |
| 电子资源: | ||
| ISBN: | 7-5640-0148-8 | |
| 000 | 01380nam 2200325 450 | |
| 001 | 0120046111 | |
| 005 | 20050807165500.57 | |
| 010 | @a7-5640-0148-8@dCNY16.00 | |
| 100 | @a20031211d2003 kmey0chiy0121 ea | |
| 101 | 1 | @achi@ceng |
| 102 | @aCN@b110000 | |
| 105 | @aa z 001yy | |
| 200 | 1 | @a圆的历史@AYuan De Li Shi@e数学推理与物理宇宙@d= A history of the circle,mathematical reasoning and the physical universe@g李大强译@Gli da qiang yi@zeng |
| 210 | @a北京@c北京理工大学出版社@d2003.08 | |
| 215 | @a219页@c图@d20cm | |
| 225 | 2 | @a盗火者译丛 |
| 312 | @a责任者取自封面。 | |
| 320 | @a有索引。 | |
| 330 | @a本书全面阐释了人类科学、技术、文化史中与圆有关的探索和实践,全面揭示出数学推理与物理宇宙之间的内在联系,并尝试从物质结构和思维规律的角度去解释这种联系,以启迪人类进一步以数学工具去探索物理宇宙的思路。 | |
| 410 | 0 | @12001 @a盗火者译丛 |
| 510 | 1 | @a A history of the circle,mathematical reasoning and the physical universe |
| 510 | 1 | @aHistory of the Circle,Mathematical Reasoning and the Physical Universe@zeng |
| 517 | 1 | @a数学推理与物理宇宙@AShu Xue Tui Li Yu Wu Li Yu Zhou |
| 606 | 0 | @a圆@x普及读物 |
| 606 | 0 | @a自然科学@x普及读物 |
| 690 | @aO123.3-49@v4 | |
| 701 | 1 | @a泽布罗夫斯基@AZe Bu Luo Fu Si Ji@bE.@g(Zebrowski, Ernest, Jr.)@4著 |
| 702 | 0 | @a李大强@Ali da qiang@4译 |
| 801 | 0 | @aCN@bQSSK@c20050807 |
| 905 | @a10447@dO123.3-49@eZ019 | |
| 圆的历史:数学推理与物理宇宙= A history of the circle,mathematical reasoning and the physical universe/李大强译.-北京:北京理工大学出版社,2003.08 |
| 219页:图;20cm.-(盗火者译丛) |
| ISBN 7-5640-0148-8:CNY16.00 |
| 本书全面阐释了人类科学、技术、文化史中与圆有关的探索和实践,全面揭示出数学推理与物理宇宙之间的内在联系,并尝试从物质结构和思维规律的角度去解释这种联系,以启迪人类进一步以数学工具去探索物理宇宙的思路。 |
| ● |
| 相关链接 |
|
|
|
正题名:圆的历史
索取号:O123.3-49/Z019
 
预约/预借
| 序号 | 登录号 | 条形码 | 馆藏地/架位号 | 状态 | 备注 |
| 1 | 528052 | 205280523 | 自科库401/401自科库 105排9列2层/ [索取号:O123.3-49/Z019] | 在馆 | |
| 2 | 528053 | 205280532 | 自科库401/401自科库 105排9列2层/ [索取号:O123.3-49/Z019] | 在馆 | |
| 3 | 528054 | 205280541 | 自科库401/401自科库 105排9列2层/ [索取号:O123.3-49/Z019] | 在馆 |